| 000 | 00387nam a2200157Ia 4500 | ||
|---|---|---|---|
| 008 | 210719s1996 xx 000 0 und d | ||
| 041 | _aeng | ||
| 082 | _a615.535 DEWF | ||
| 100 | _aDEWAN (A P) | ||
| 245 | _aFood for health. | ||
| 260 |
_aDelhi _bA C Specialist publishers pvt ltd _c1996 |
||
| 300 |
_a264 _bPB |
||
| 365 |
_b60 _cRs |
||
| 650 | _aPharmacology | ||
| 906 | _aFood health | ||
| 999 |
_c213218 _d213218 |
||